Η Μεγάλη Ιδέα του Ελληνισμού
Saved in:
| Main Author: | |
|---|---|
| Format: | Book |
| Language: | Greek |
| Published: |
Αθήναι :
1945
|
| Subjects: | |
| Tags: |
Add Tag
No Tags, Be the first to tag this record!
|
MARC
| LEADER | 00000cam a2200000 i 4500 | ||
|---|---|---|---|
| 001 | 1/100243 | ||
| 008 | 950414s1945 gre d | ||
| 035 | |l 10011622 | ||
| 040 | |a GR-MY-UA |b gre |e aacr | ||
| 041 | 0 | |a gre | |
| 082 | 0 | |a 938.7 | |
| 100 | 1 | |a Αστρινός, Θέμης. | |
| 245 | 1 | 2 | |a Η Μεγάλη Ιδέα του Ελληνισμού / |c Θέμη Αστρινού |
| 260 | |a Αθήναι : |c 1945 | ||
| 300 | |a 230 σ. | ||
| 504 | |a Βιβλιογραφία: σ. 7-15 | ||
| 650 | 0 | 0 | |a World War, 1939-1945 |z Greece. |
| 651 | 0 | |a Greece |x History |y 20th century. | |
| 852 | |a INST |b LESVOS |e 19950414 |h 938.7 ΑΣΤ |p 005100001636 |q 005100001636 |t BK |y 0 | ||
| 909 | |a Λ |b 040018 | ||
| 970 | |z 2000/05/ΟΙΚΟΝΟΜΟΠΟΥΛΟΥ ΧΡΙΣΤΙΝΑ | ||